| 000 | 00575nam a2200181 a 4500 | ||
|---|---|---|---|
| 005 | 20240612063924.0 | ||
| 008 | 991125s1948 mx 000 0 spa u | ||
| 035 | _aUPN01000034026 | ||
| 049 | _aLT | ||
| 050 | 4 |
_aLB1582 M6.3 _bM6.4 1948 |
|
| 100 | 1 |
_aMora, Rosa de la _929378 |
|
| 245 | 1 | 0 |
_aLecciones de historia patria : _bpara 3er. año de instrucción primaria / _cpor Rosa de la Mora |
| 260 |
_aMéxico : _b[s. n.], _c1948 |
||
| 300 |
_a159 p. : _bil., algunos co |
||
| 650 | 4 |
_aHistoria _xEstudio y enseñanza (Elemental) _92803 |
|
| 904 |
_aAC _b034027 |
||
| 905 | _aLibro | ||
| 999 |
_c34026 _d34026 |
||